Funkčné povrchy 2003 : Zborník prednášok

Gespeichert in:
Bibliographische Detailangaben
Körperschaft: Medzinárodná vedecká konferencia Trenčín
Format: Tagungsbericht Buch
Sprache:Mehrsprachig
Veröffentlicht: Trenčín : Trenčianska univerzita Alexandra Dubčeka v Trenčíne, 2003
Schlagworte:
Tags: Tag hinzufügen
Keine Tags, Fügen Sie das erste Tag hinzu!

MARC

LEADER 00000nam a22000003a 4500
001 stu80792
005 20150408161512.3
008 030605s2003----xo------------------mul-d
020 |a 80-88914-89-2 
040 |a STU  |b slo 
041 0 |a mul 
044 |a xo 
080 |a 621.9  |7 stu_us_auth*stu8061 
111 2 |a Medzinárodná vedecká konferencia  |d (27.-28.5.2004 :  |c Trenčín) 
245 |a Funkčné povrchy 2003 :  |b Zborník prednášok 
260 |a Trenčín :  |b Trenčianska univerzita Alexandra Dubčeka v Trenčíne,  |c 2003 
300 |a 235 s 
650 7 |a obrábanie  |2 stusub 
650 7 |a povrchy  |2 stusub 
996 |b 284M056686  |c M*Z-2215  |l MMKN  |s A  |a 24  |w stu80792_0001 
996 |b 284M056688  |c M*Z-2214  |l MMKN  |s A  |a 24  |w stu80792_0002 
996 |b 284M056687  |c M*Z-2213  |l MMST  |s P  |a 0  |w stu80792_0003